000
00317 a2200157 4500
001
182662
020
_a
040
_c
Magnum
100
_a
Sheikk, Luciano
240
1
0
_a
Jovens para sempre
_l
por
245
1
0
_a
Jovens para sempre
300
_a
168
362
0
_a
2003
697
_a
LITERATURA GERAL
942
_c
BK
999
_c
182662
_d
182662